000 00837nam a22002057a 4500
999 _c19271
_d19271
003 AR-CdUCM
008 190513b ||||| |||| 00| 0 spa d
040 _aMUNICIPALIDAD PROVINCIAL DEL CUSCO
_cBIBLIOTECA MUNICIPAL DEL CUSCO
082 _221ed.
_a547 /
_bV63
100 _aVidal, Jorge
_920980
245 _aCurso de química orgánica :
_by nociones de química biológica /
260 _aBuenos Aires :
_bStella,
_c1984.
300 _aXV, 573 páginas ;
_bretrato, figuras,
_c22 cm.
505 _aContenido: Conceptos iniciales -- Especies químicas orgánicas -- Análisis inmediato y elemental -- Formulas empíricas -- Funciones orgánicas -- Hidrocarburos ...
650 _aQuímica orgánica
_921647
650 _aEstudio y enseñanza
_92610
650 _aBioquímica
_918733
942 _2ddc
_cLIBROS
945 _arum
_d2019-05-17